000 00824nam a22002657a 4500
001 26238
003 UA-OsUOA
005 20210621144454.0
007 ta
008 20040524b un ||||| |||| 00| 0 ukr d
020 _a5325002724
040 _aUA-OsUOA
_bukr
_cUA-OsUOA
_dUA-OsUOA
041 _aukr
044 _aUA
080 _a512.64+514.(075.8)
090 _a512.64+514.(075.8)
_bН19
100 _aНазієв Е. Х.
245 _aЛінійна алгебра та аналітична геометрія
_bнавч. посіб. для студентів вищих технічних навчальних закладів
260 _aК.
_bЛибідь
_c1997
300 _a152 с.
650 7 _2UDC
942 _cBK
_2udc
955 _a0
999 _c312554
_d312554